000
00294nam a2200121 a 4500
005
20140414131918.0
008
101021s19uu xx 00 eng d
050
_a
ER
_b
L72 2002
100
_a
Mackall, Dandi Daley
245
_a
LIttle shepherd.
260
_b
Concordia,
_c
2002.
999
_c
111603
_d
111603